[Event "Fall GM Norm Invitational 2020"]
[Site "Charlotte"]
[Date "2020.10.01"]
[Round "2.3"]
[White "Stremavicius, Titas"]
[Black "Mishra, Abhimanyu"]
[Result "1/2-1/2"]
[WhiteElo "2517"]
[BlackElo "2342"]
[Annotator "ChessBase"]
[PlyCount "91"]
[EventDate "2020.09.30"]
[EventType "tourn"]
[EventCountry "USA"]
[SourceTitle "playchess.com"]
[Source "ChessBase"]
[SourceQuality "1"]
[TimeControl "5400+30"]

1. f4 {[%emt 1:30:30]} d5 {[%emt 1:30:30]} 2. Nf3 {[%emt 0:00:30]} g6 {[%emt 0:00:30]} 3. g3 {[%emt 0:00:30]} Bg7 {[%emt 0:00:30]} 4. Bg2 {[%emt 0:00:30]} Nf6 {[%emt 0:00:30]} 5. O-O {[%emt 0:00:30]} O-O {[%emt 0:00:30]} 6. a4 {[%emt 0:00:30]} c5 {[%emt 0:00:30]} 7. d3 {[%emt 0:00:30]} Nc6 {[%emt 0:00:30]} 8. c3 {[%emt 0:00:30]} Qc7 {[%emt 0:00:30]} 9. Na3 {[%emt 0:00:30]} Rd8 {[%emt 0:00:30]} 10. Qc2 {[%emt 0:00:30]} d4 {[%emt 0:00:30]} 11. e4 {[%emt 0:00:30]} dxe3 {[%emt 0:00:30]} 12. Bxe3 {[%emt 0:00:30]} Bf5 {[%emt 0:00:30]} 13. Rad1 {[%emt 0:00:30]} b6 {[%emt 0:00:30]} 14. Nh4 {[%emt 0:00:30]} Bg4 {[%emt 0:00:30]} 15. Rde1 {[%emt 0:00:30]} Nd5 {[%emt 0:00:30]} 16. h3 {[%emt 0:00:30]} Nxe3 {[%emt 0:00:30]} 17. Rxe3 {[%emt 0:00:30]} Bd7 {[%emt 0:00:30]} 18. Nb5 {[%emt 0:00:30]} Qc8 {[%emt 0:00:30]} 19. g4 {[%emt 0:00:30]} a6 {[%emt 0:00:30]} 20. Na3 {[%emt 0:00:30]} e6 {[%emt 0:00:30]} 21. Qf2 {[%emt 0:00:30]} f5 {[%emt 0:00:30]} 22. gxf5 {[%emt 0:00:30]} gxf5 {[%emt 0:00:30]} 23. Nf3 {[%emt 0:00:30]} Re8 {[%emt 0:00:30]} 24. Nc4 {[%emt 0:00:30]} Qc7 {[%emt 0:00:30]} 25. Rfe1 {[%emt 0:00:30]} b5 {[%emt 0:00:30]} 26. axb5 {[%emt 0:00:30]} axb5 {[%emt 0:00:30]} 27. Nce5 {[%emt 0:00:30]} Rad8 {[%emt 0:00:30]} 28. Nxc6 {[%emt 0:00:30]} Bxc6 {[%emt 0:00:30]} 29. Rxe6 {[%emt 0:00:30]} Rxe6 {[%emt 0:00:30]} 30. Rxe6 {[%emt 0:00:30]} Bxf3 {[%emt 0:00:30]} 31. Qxf3 {[%emt 0:00:30]} b4 {[%emt 0:00:30]} 32. cxb4 {[%emt 0:00:30]} cxb4 {[%emt 0:00:30]} 33. b3 {[%emt 0:00:30]} Qc3 {[%emt 0:00:30]} 34. Qc6 {[%emt 0:00:30]} Qxc6 {[%emt 0:00:30]} 35. Rxc6 {[%emt 0:00:30]} Rxd3 {[%emt 0:00:30]} 36. Bf1 {[%emt 0:00:30]} Rd4 {[%emt 0:00:30]} 37. Bc4+ {[%emt 0:00:30]} Kf8 {[%emt 0:00:30]} 38. Rc7 {[%emt 0:00:30]} Bh6 {[%emt 0:00:30]} 39. Rf7+ {[%emt 0:00:30]} Ke8 {[%emt 0:00:30]} 40. Rxf5 {[%emt 0:00:30]} Bxf4 {[%emt 0:00:30]} 41. Kf2 {[%emt 0:00:30]} Bd2 {[%emt 0:00:30]} 42. Ke2 {[%emt 0:00:30]} h6 {[%emt 0:00:30]} 43. Bd3 {[%emt 0:00:30]} Bg5 {[%emt 0:00:30]} 44. Rb5 {[%emt 0:00:30]} Rh4 {[%emt 0:00:30]} 45. Bf5 {[%emt 0:00:30]} Rf4 {[%emt 0:00:30]} 46. Bd3 {[%emt 0:00:30]} 1/2-1/2

[Event "Fall GM Norm Invitational 2020"]
[Site "Charlotte"]
[Date "2020.10.01"]
[Round "2.4"]
[White "Fernandez, Daniel"]
[Black "Mista, Aleksander"]
[Result "1-0"]
[WhiteElo "2470"]
[BlackElo "2574"]
[Annotator "ChessBase"]
[PlyCount "81"]
[EventDate "2020.09.30"]
[EventType "tourn"]
[EventCountry "USA"]
[SourceTitle "playchess.com"]
[Source "ChessBase"]
[SourceQuality "1"]
[TimeControl "5400+30"]

1. e4 {[%emt 1:30:30]} c5 {[%emt 1:30:30]} 2. Nf3 {[%emt 0:00:30]} d6 {[%emt 0:00:30]} 3. d4 {[%emt 0:00:30]} cxd4 {[%emt 0:00:30]} 4. Nxd4 {[%emt 0:00:30]} Nf6 {[%emt 0:00:30]} 5. Nc3 {[%emt 0:00:30]} g6 {[%emt 0:00:30]} 6. Be3 {[%emt 0:00:30]} Bg7 {[%emt 0:00:30]} 7. f3 {[%emt 0:00:30]} Nc6 {[%emt 0:00:30]} 8. Qd2 {[%emt 0:00:30]} O-O {[%emt 0:00:30]} 9. g4 {[%emt 0:00:30]} Be6 {[%emt 0:00:30]} 10. Nxe6 {[%emt 0:00:30]} fxe6 {[%emt 0:00:30]} 11. O-O-O {[%emt 0:00:30]} Ne5 {[%emt 0:00:30]} 12. Be2 {[%emt 0:00:30]} Qc8 {[%emt 0:00:30]} 13. Kb1 {[%emt 0:00:30]} Ne8 {[%emt 0:00:30]} 14. Rhf1 {[%emt 0:00:30]} Nc4 {[%emt 0:00:30]} 15. Bxc4 {[%emt 0:00:30]} Qxc4 {[%emt 0:00:30]} 16. Ne2 {[%emt 0:00:30]} Nc7 {[%emt 0:00:30]} 17. h4 {[%emt 0:00:30]} a5 {[%emt 0:00:30]} 18. h5 {[%emt 0:00:30]} Nb5 {[%emt 0:00:30]} 19. Qd3 {[%emt 0:00:30]} Qb4 {[%emt 0:00:30]} 20. c3 {[%emt 0:00:30]} Qa4 {[%emt 0:00:30]} 21. b3 {[%emt 0:00:30]} Na3+ {[%emt 0:00:30]} 22. Kb2 {[%emt 0:00:30]} Qc6 {[%emt 0:00:30]} 23. Kxa3 {[%emt 0:00:30]} b5 {[%emt 0:00:30]} 24. Kb2 {[%emt 0:00:30]} b4 {[%emt 0:00:30]} 25. Bd4 {[%emt 0:00:30]} a4 {[%emt 0:00:30]} 26. Bxg7 {[%emt 0:00:30]} axb3 {[%emt 0:00:30]} 27. axb3 {[%emt 0:00:30]} Kxg7 {[%emt 0:00:30]} 28. cxb4 {[%emt 0:00:30]} e5 {[%emt 0:00:30]} 29. hxg6 {[%emt 0:00:30]} hxg6 {[%emt 0:00:30]} 30. f4 {[%emt 0:00:30]} Qb6 {[%emt 0:00:30]} 31. Qd2 {[%emt 0:00:30]} Rh8 {[%emt 0:00:30]} 32. Rh1 {[%emt 0:00:30]} Qa7 {[%emt 0:00:30]} 33. Rxh8 {[%emt 0:00:30]} Qa3+ {[%emt 0:00:30]} 34. Kc2 {[%emt 0:00:30]} Rxh8 {[%emt 0:00:30]} 35. Nc3 {[%emt 0:00:30]} Rc8 {[%emt 0:00:30]} 36. Rb1 {[%emt 0:00:30]} Qxb4 {[%emt 0:00:30]} 37. fxe5 {[%emt 0:00:30]} Qxe4+ {[%emt 0:00:30]} 38. Kb2 {[%emt 0:00:30]} Qxg4 {[%emt 0:00:30]} 39. exd6 {[%emt 0:00:30]} exd6 {[%emt 0:00:30]} 40. Ra1 {[%emt 0:00:30]} Rc7 {[%emt 0:00:30]} 41. Nd5 {[%emt 0:00:30]} 1-0

[Event "Fall GM Norm Invitational 2020"]
[Site "Charlotte"]
[Date "2020.10.01"]
[Round "2.5"]
[White "Dragun, Kamil"]
[Black "Daggupati, Balaji"]
[Result "1/2-1/2"]
[WhiteElo "2561"]
[BlackElo "2331"]
[Annotator "ChessBase"]
[PlyCount "99"]
[EventDate "2020.09.30"]
[EventType "tourn"]
[EventCountry "USA"]
[SourceTitle "playchess.com"]
[Source "ChessBase"]
[SourceQuality "1"]
[TimeControl "5400+30"]

1. d4 {[%emt 1:30:30]} d5 {[%emt 1:30:30]} 2. c4 {[%emt 0:00:30]} e6 {[%emt 0:00:30]} 3. Nc3 {[%emt 0:00:30]} c6 {[%emt 0:00:30]} 4. cxd5 {[%emt 0:00:30]} exd5 {[%emt 0:00:30]} 5. Nf3 {[%emt 0:00:30]} Bf5 {[%emt 0:00:30]} 6. Bf4 {[%emt 0:00:30]} Bd6 {[%emt 0:00:30]} 7. Bxd6 {[%emt 0:00:30]} Qxd6 {[%emt 0:00:30]} 8. Qb3 {[%emt 0:00:30]} Qc7 {[%emt 0:00:30]} 9. e3 {[%emt 0:00:30]} Nf6 {[%emt 0:00:30]} 10. Nh4 {[%emt 0:00:30]} Bg6 {[%emt 0:00:30]} 11. Rc1 {[%emt 0:00:30]} Qb6 {[%emt 0:00:30]} 12. Nxg6 {[%emt 0:00:30]} Qxb3 {[%emt 0:00:30]} 13. axb3 {[%emt 0:00:30]} hxg6 {[%emt 0:00:30]} 14. b4 {[%emt 0:00:30]} a6 {[%emt 0:00:30]} 15. Na4 {[%emt 0:00:30]} Nbd7 {[%emt 0:00:30]} 16. Nc5 {[%emt 0:00:30]} Rb8 {[%emt 0:00:30]} 17. f3 {[%emt 0:00:30]} Ke7 {[%emt 0:00:30]} 18. Bd3 {[%emt 0:00:30]} Nf8 {[%emt 0:00:30]} 19. Kf2 {[%emt 0:00:30]} Ne6 {[%emt 0:00:30]} 20. h4 {[%emt 0:00:30]} Ne8 {[%emt 0:00:30]} 21. g4 {[%emt 0:00:30]} Nd6 {[%emt 0:00:30]} 22. Kg3 {[%emt 0:00:30]} Rh6 {[%emt 0:00:30]} 23. Rce1 {[%emt 0:00:30]} Rd8 {[%emt 0:00:30]} 24. Bb1 {[%emt 0:00:30]} Rhh8 {[%emt 0:00:30]} 25. Rh2 {[%emt 0:00:30]} Rh6 {[%emt 0:00:30]} 26. Ba2 {[%emt 0:00:30]} g5 {[%emt 0:00:30]} 27. h5 {[%emt 0:00:30]} Rdh8 {[%emt 0:00:30]} 28. Bb1 {[%emt 0:00:30]} g6 {[%emt 0:00:30]} 29. Nxe6 {[%emt 0:00:30]} Kxe6 {[%emt 0:00:30]} 30. f4 {[%emt 0:00:30]} gxf4+ {[%emt 0:00:30]} 31. exf4+ {[%emt 0:00:30]} Kd7 {[%emt 0:00:30]} 32. Rhe2 {[%emt 0:00:30]} gxh5 {[%emt 0:00:30]} 33. Re7+ {[%emt 0:00:30]} Kd8 {[%emt 0:00:30]} 34. g5 {[%emt 0:00:30]} h4+ {[%emt 0:00:30]} 35. Kh3 {[%emt 0:00:30]} Rh5 {[%emt 0:00:30]} 36. Bc2 {[%emt 0:00:30]} Re8 {[%emt 0:00:30]} 37. Rxe8+ {[%emt 0:00:30]} Nxe8 {[%emt 0:00:30]} 38. Kg4 {[%emt 0:00:30]} Rh8 {[%emt 0:00:30]} 39. Rh1 {[%emt 0:00:30]} Nd6 {[%emt 0:00:30]} 40. Bd3 {[%emt 0:00:30]} Ne4 {[%emt 0:00:30]} 41. Bxe4 {[%emt 0:00:30]} dxe4 {[%emt 0:00:30]} 42. Rh3 {[%emt 0:00:30]} Kd7 {[%emt 0:00:30]} 43. f5 {[%emt 0:00:30]} Kd6 {[%emt 0:00:30]} 44. g6 {[%emt 0:00:30]} fxg6 {[%emt 0:00:30]} 45. fxg6 {[%emt 0:00:30]} Kd5 {[%emt 0:00:30]} 46. Rxh4 {[%emt 0:00:30]} Rxh4+ {[%emt 0:00:30]} 47. Kxh4 {[%emt 0:00:30]} Ke6 {[%emt 0:00:30]} 48. Kg4 {[%emt 0:00:30]} Kf6 {[%emt 0:00:30]} 49. Kf4 {[%emt 0:00:30]} Kxg6 {[%emt 0:00:30]} 50. Kxe4 {[%emt 0:00:30]} 1/2-1/2

[Event "Fall GM Norm Invitational 2020"]
[Site "Charlotte"]
[Date "2020.10.02"]
[Round "3.1"]
[White "Mista, Aleksander"]
[Black "Gauri, Shankar"]
[Result "0-1"]
[WhiteElo "2574"]
[BlackElo "2353"]
[Annotator "TA"]
[PlyCount "108"]
[EventDate "2020.09.30"]
[EventType "tourn"]
[EventCountry "USA"]
[SourceTitle "playchess.com"]
[Source "ChessBase"]
[SourceQuality "1"]

{[%evp 14,108,31,29,29,19,43,37,35,29,34,26,28,-27,0,0,0,0,0,-11,-7,0,-4,-73,-69,-50,-2,0,-7,0,0,0,0,0,0,0,0,0,0,0,0,0,0,-26,-19,-41,-6,-8,0,0,0,0,0,0,0,0,0,0,0,0,0,2,0,0,22,22,21,12,16,22,424,418,394,386,400,370,364,350,603,537,554,259,319,319,357,-29979,-29980,-29980,-29981,-29981,-29982,-29982,-29983,-29983,-29984,-29984,-29984]} 1. e4 c6 2. d4 d5 3. Nc3 dxe4 4. Nxe4 Nf6 5. Nxf6+ exf6 6. c3 Bd6 7. Bd3 O-O 8. Qc2 (8. Ne2 {seems wilder.} Qc7 9. Qc2 h6 10. h3 Nd7 11. O-O) 8... Re8+ {B15: Caro-Kann: 3 Nc3: 3...g6 and 3...dxe4 4 Nxe4 Nf6 5 Nxf6+ exf6.} 9. Ne2 h5 10. O-O h4 {White is slightly better.} 11. Bf4 Na6 12. Rfe1 Nc7 13. g3 (13. Bxd6 $142 Qxd6 14. h3) 13... Bg4 14. Bxd6 Qxd6 15. Nf4 Nd5 {[#]} 16. Nxd5 $146 ({Predecessor:} 16. Ng2 hxg3 17. hxg3 a5 18. Nh4 Qd7 19. Bh7+ Kf8 20. Be4 g6 21. Qd3 Rad8 22. Ng2 {1-0 (55) Zajic,M (2497)-Omorjan,D (2291) Subotica 2019}) 16... Qxd5 17. Be4 Qh5 18. Re3 (18. Qd2 $11 {keeps the balance.}) 18... f5 $17 19. Bg2 h3 20. Bh1 Rxe3 21. fxe3 Bf3 {Black wants to play ...Bxh1.} 22. Kf2 Bxh1 23. Rxh1 $11 {[%mdl 4096] Endgame KQR-KQR} Re8 24. c4 Qg5 25. Re1 g6 26. Qd3 Qg4 27. d5 cxd5 28. cxd5 Qb4 29. Re2 Rd8 30. Rd2 Qd6 31. Qc4 Re8 32. Qf4 Re5 33. a3 Kg7 34. b4 f6 35. Qc4 Re7 36. Qc5 Qe5 37. d6 $36 {[%mdl 2048] White fights for an advantage.} ({Wrong is} 37. Qxa7 $2 Qe4 $19) 37... Rd7 38. Rd4 ({Not} 38. Qxa7 $2 Qe4 $19) (38. Qc4 {with more complications.} a6 39. Rd4 b5 40. Qc8 Qe6 41. Rd2) 38... Qxc5 (38... Qe6 {is more complex.} 39. Qc2 a6 40. Rd2 Kf7 41. Rd4 Kf8) 39. bxc5 {KR-KR} Kf7 $1 40. a4 {[%cal Ba3a4,Ba4a5][%mdl 32]} Ke6 41. a5 a6 $2 {[%mdl 8192]} (41... Rd8 $11) 42. e4 $18 Rd8 43. exf5+ Kxf5 44. Ke3 Ke6 45. Kd3 g5 $2 (45... Rf8 46. Kc4 f5) 46. g4 f5 47. gxf5+ Kxf5 48. Rb4 Rd7 49. Rxb7 $4 {[%mdl 8192]} (49. Ke3 $18) 49... Rxb7 {KR-KP. Black mates.} 50. c6 {[#]} Rb3+ $1 51. Kc4 {[#]} Ke6 $1 52. d7 Rb8 53. c7 {[#]} Rb4+ $1 {[%mdl 512]} 54. Kxb4 Kxd7 {Never resign too early! Accuracy: White = 85%, Black = 75%.} 0-1

[Event "Fall GM Norm Invitational 2020"]
[Site "Charlotte"]
[Date "2020.10.02"]
[Round "3.2"]
[White "Ostrovskiy, Aleksandr"]
[Black "Dragun, Kamil"]
[Result "1/2-1/2"]
[WhiteElo "2427"]
[BlackElo "2561"]
[Annotator "TA"]
[PlyCount "40"]
[EventDate "2020.09.30"]
[EventType "tourn"]
[EventCountry "USA"]
[SourceTitle "playchess.com"]
[Source "ChessBase"]
[SourceQuality "1"]

{[%evp 10,40,26,25,28,28,27,26,28,24,27,24,33,31,40,34,35,44,38,26,33,31,39,39,54,48,53,52,77,17,23,20,40]} 1. e4 c5 2. Nf3 d6 3. Bb5+ Bd7 4. Bxd7+ Qxd7 5. c4 Nf6 6. Nc3 g6 $1 {6...g6 is better than 6...Nc6. B52: Sicilian: Moscow Variation with 3...Bd7.} 7. d4 cxd4 8. Nxd4 Bg7 {White has an edge.} 9. f3 O-O 10. Be3 Rc8 11. b3 a6 12. Qd3 Nc6 13. O-O Qd8 14. Rac1 Nd7 {[#]} 15. Nxc6 $146 ({Predecessor:} 15. Rfd1 Bxd4 16. Bxd4 Nxd4 17. Qxd4 b5 18. Nd5 bxc4 19. Rxc4 Rxc4 20. Qxc4 Nb6 21. Qc7 Nxd5 22. Qxd8+ Rxd8 23. Rxd5 {½-½ (40) Mamedov,R (2658)-Vachier Lagrave,M (2765) Shamkir 2015}) 15... bxc6 16. f4 Qa5 17. Na4 Rd8 18. Qc2 c5 19. Rfd1 (19. Bd2 $16 Bd4+ 20. Kh1) 19... Qc7 $11 20. h3 Rac8 {Accuracy: White = 93%, Black = 93%.} 1/2-1/2

[Event "Fall GM Norm Invitational 2020"]
[Site "Charlotte"]
[Date "2020.10.02"]
[Round "3.3"]
[White "Mishra, Abhimanyu"]
[Black "Fernandez, Daniel"]
[Result "1/2-1/2"]
[WhiteElo "2342"]
[BlackElo "2470"]
[Annotator "ChessBase"]
[PlyCount "74"]
[EventDate "2020.09.30"]
[EventType "tourn"]
[EventCountry "USA"]
[SourceTitle "playchess.com"]
[Source "ChessBase"]
[SourceQuality "1"]
[TimeControl "5400+30"]

1. e4 {[%emt 1:30:30]} c5 {[%emt 1:30:30]} 2. Nf3 {[%emt 0:00:30]} d6 {[%emt 0:00:30]} 3. d4 {[%emt 0:00:30]} cxd4 {[%emt 0:00:30]} 4. Nxd4 {[%emt 0:00:30]} Nf6 {[%emt 0:00:30]} 5. Nc3 {[%emt 0:00:30]} a6 {[%emt 0:00:30]} 6. Bd3 {[%emt 0:00:30]} g6 {[%emt 0:00:30]} 7. f3 {[%emt 0:00:30]} e5 {[%emt 0:00:30]} 8. Nb3 {[%emt 0:00:30]} Be6 {[%emt 0:00:30]} 9. Bg5 {[%emt 0:00:30]} Nbd7 {[%emt 0:00:30]} 10. Qd2 {[%emt 0:00:30]} h6 {[%emt 0:00:30]} 11. Be3 {[%emt 0:00:30]} b5 {[%emt 0:00:30]} 12. Be2 {[%emt 0:00:30]} Nb6 {[%emt 0:00:30]} 13. Bxb6 {[%emt 0:00:30]} Qxb6 {[%emt 0:00:30]} 14. a4 {[%emt 0:00:30]} b4 {[%emt 0:00:30]} 15. Nd5 {[%emt 0:00:30]} Bxd5 {[%emt 0:00:30]} 16. exd5 {[%emt 0:00:30]} h5 {[%emt 0:00:30]} 17. a5 {[%emt 0:00:30]} Qb7 {[%emt 0:00:30]} 18. O-O {[%emt 0:00:30]} Bh6 {[%emt 0:00:30]} 19. Qd3 {[%emt 0:00:30]} Qxd5 {[%emt 0:00:30]} 20. Ra4 {[%emt 0:00:30]} Qxd3 {[%emt 0:00:30]} 21. Bxd3 {[%emt 0:00:30]} O-O {[%emt 0:00:30]} 22. Rxb4 {[%emt 0:00:30]} Nd5 {[%emt 0:00:30]} 23. Rb7 {[%emt 0:00:30]} Nf4 {[%emt 0:00:30]} 24. Rd1 {[%emt 0:00:30]} Nxd3 {[%emt 0:00:30]} 25. Rxd3 {[%emt 0:00:30]} Rfc8 {[%emt 0:00:30]} 26. c3 {[%emt 0:00:30]} Rab8 {[%emt 0:00:30]} 27. Rb6 {[%emt 0:00:30]} d5 {[%emt 0:00:30]} 28. Kf1 {[%emt 0:00:30]} Rxb6 {[%emt 0:00:30]} 29. axb6 {[%emt 0:00:30]} Rb8 {[%emt 0:00:30]} 30. Rxd5 {[%emt 0:00:30]} Rxb6 {[%emt 0:00:30]} 31. Nc5 {[%emt 0:00:30]} Rxb2 {[%emt 0:00:30]} 32. Nxa6 {[%emt 0:00:30]} f6 {[%emt 0:00:30]} 33. Nb4 {[%emt 0:00:30]} Be3 {[%emt 0:00:30]} 34. Rd3 {[%emt 0:00:30]} Bc5 {[%emt 0:00:30]} 35. Rd8+ {[%emt 0:00:30]} Kf7 {[%emt 0:00:30]} 36. Nd3 {[%emt 0:00:30]} Rb1+ {[%emt 0:00:30]} 37. Ke2 {[%emt 0:00:30]} Be7 {[%emt 0:00:30]} 1/2-1/2

[Event "Fall GM Norm Invitational 2020"]
[Site "Charlotte"]
[Date "2020.10.02"]
[Round "3.5"]
[White "Daggupati, Balaji"]
[Black "Liang, Jason"]
[Result "1-0"]
[WhiteElo "2331"]
[BlackElo "2367"]
[Annotator "ChessBase"]
[PlyCount "73"]
[EventDate "2020.09.30"]
[EventType "tourn"]
[EventCountry "USA"]
[SourceTitle "playchess.com"]
[Source "ChessBase"]
[SourceQuality "1"]
[TimeControl "5400+30"]

1. e4 {[%emt 1:30:30]} e5 {[%emt 1:30:30]} 2. Nf3 {[%emt 0:00:30]} Nc6 {[%emt 0:00:30]} 3. Bb5 {[%emt 0:00:30]} a6 {[%emt 0:00:30]} 4. Ba4 {[%emt 0:00:30]} Nf6 {[%emt 0:00:30]} 5. O-O {[%emt 0:00:30]} b5 {[%emt 0:00:30]} 6. Bb3 {[%emt 0:00:30]} Bc5 {[%emt 0:00:30]} 7. c3 {[%emt 0:00:30]} d6 {[%emt 0:00:30]} 8. d4 {[%emt 0:00:30]} Bb6 {[%emt 0:00:30]} 9. a4 {[%emt 0:00:30]} Rb8 {[%emt 0:00:30]} 10. a5 {[%emt 0:00:30]} Ba7 {[%emt 0:00:30]} 11. h3 {[%emt 0:00:30]} O-O {[%emt 0:00:30]} 12. Be3 {[%emt 0:00:30]} exd4 {[%emt 0:00:30]} 13. cxd4 {[%emt 0:00:30]} Nxe4 {[%emt 0:00:30]} 14. Bd5 {[%emt 0:00:30]} Qe8 {[%emt 0:00:30]} 15. Re1 {[%emt 0:00:30]} Nf6 {[%emt 0:00:30]} 16. Bg5 {[%emt 0:00:30]} Nxd5 {[%emt 0:00:30]} 17. Rxe8 {[%emt 0:00:30]} Rxe8 {[%emt 0:00:30]} 18. Nc3 {[%emt 0:00:30]} Be6 {[%emt 0:00:30]} 19. Qd2 {[%emt 0:00:30]} Nxc3 {[%emt 0:00:30]} 20. bxc3 {[%emt 0:00:30]} Bd5 {[%emt 0:00:30]} 21. Nh4 {[%emt 0:00:30]} b4 {[%emt 0:00:30]} 22. Nf5 {[%emt 0:00:30]} bxc3 {[%emt 0:00:30]} 23. Qxc3 {[%emt 0:00:30]} Rb3 {[%emt 0:00:30]} 24. Re1 {[%emt 0:00:30]} Re6 {[%emt 0:00:30]} 25. Qd2 {[%emt 0:00:30]} Rxe1+ {[%emt 0:00:30]} 26. Qxe1 {[%emt 0:00:30]} Rb8 {[%emt 0:00:30]} 27. Qe2 {[%emt 0:00:30]} g6 {[%emt 0:00:30]} 28. Ne3 {[%emt 0:00:30]} Bb3 {[%emt 0:00:30]} 29. d5 {[%emt 0:00:30]} Nxa5 {[%emt 0:00:30]} 30. Bh6 {[%emt 0:00:30]} Ba4 {[%emt 0:00:30]} 31. Qa2 {[%emt 0:00:30]} Rb4 {[%emt 0:00:30]} 32. Qd2 {[%emt 0:00:30]} Rb1+ {[%emt 0:00:30]} 33. Kh2 {[%emt 0:00:30]} Nb3 {[%emt 0:00:30]} 34. Qc3 {[%emt 0:00:30]} Bd4 {[%emt 0:00:30]} 35. Qxc7 {[%emt 0:00:30]} Be5+ {[%emt 0:00:30]} 36. g3 {[%emt 0:00:30]} f5 {[%emt 0:00:30]} 37. Qd8+ {[%emt 0:00:30]} 1-0

[Event "Fall GM Norm Invitational 2020"]
[Site "Charlotte"]
[Date "2020.10.02"]
[Round "4.1"]
[White "Gauri, Shankar"]
[Black "Mishra, Abhimanyu"]
[Result "1/2-1/2"]
[WhiteElo "2353"]
[BlackElo "2342"]
[Annotator "ChessBase"]
[PlyCount "40"]
[EventDate "2020.09.30"]
[EventType "tourn"]
[EventCountry "USA"]
[SourceTitle "playchess.com"]
[Source "ChessBase"]
[SourceQuality "1"]
[TimeControl "5400+30"]

1. Nf3 {[%emt 1:30:30]} Nf6 {[%emt 1:30:30]} 2. g3 {[%emt 0:00:30]} g6 {[%emt 0:00:30]} 3. b3 {[%emt 0:00:30]} Bg7 {[%emt 0:00:30]} 4. Bb2 {[%emt 0:00:30]} d5 {[%emt 0:00:30]} 5. Bg2 {[%emt 0:00:30]} O-O {[%emt 0:00:30]} 6. O-O {[%emt 0:00:30]} c5 {[%emt 0:00:30]} 7. d3 {[%emt 0:00:30]} Nc6 {[%emt 0:00:30]} 8. Ne5 {[%emt 0:00:30]} Nxe5 {[%emt 0:00:30]} 9. Bxe5 {[%emt 0:00:30]} Be6 {[%emt 0:00:30]} 10. Nd2 {[%emt 0:00:30]} Nd7 {[%emt 0:00:30]} 11. Bxg7 {[%emt 0:00:30]} Kxg7 {[%emt 0:00:30]} 12. c4 {[%emt 0:00:30]} Nf6 {[%emt 0:00:30]} 13. Qc2 {[%emt 0:00:30]} Rc8 {[%emt 0:00:30]} 14. Qb2 {[%emt 0:00:30]} b6 {[%emt 0:00:30]} 15. cxd5 {[%emt 0:00:30]} Bxd5 {[%emt 0:00:30]} 16. Bxd5 {[%emt 0:00:30]} Qxd5 {[%emt 0:00:30]} 17. Nf3 {[%emt 0:00:30]} Rfd8 {[%emt 0:00:30]} 18. Rac1 {[%emt 0:00:30]} Kg8 {[%emt 0:00:30]} 19. Rc4 {[%emt 0:00:30]} Qe6 {[%emt 0:00:30]} 20. Rfc1 {[%emt 0:00:30]} a5 {[%emt 0:00:30]} 1/2-1/2

[Event "Fall GM Norm Invitational 2020"]
[Site "Charlotte"]
[Date "2020.10.02"]
[Round "4.2"]
[White "Stremavicius, Titas"]
[Black "Daggupati, Balaji"]
[Result "0-1"]
[WhiteElo "2517"]
[BlackElo "2331"]
[Annotator "ChessBase"]
[PlyCount "56"]
[EventDate "2020.09.30"]
[EventType "tourn"]
[EventCountry "USA"]
[SourceTitle "playchess.com"]
[Source "ChessBase"]
[SourceQuality "1"]
[TimeControl "5400+30"]

1. c4 {[%emt 1:30:30]} e5 {[%emt 1:30:30]} 2. Nc3 {[%emt 0:00:30]} Nf6 {[%emt 0:00:30]} 3. Nf3 {[%emt 0:00:30]} Nc6 {[%emt 0:00:30]} 4. e3 {[%emt 0:00:30]} Bb4 {[%emt 0:00:30]} 5. Qc2 {[%emt 0:00:30]} Bxc3 {[%emt 0:00:30]} 6. bxc3 {[%emt 0:00:30]} O-O {[%emt 0:00:30]} 7. e4 {[%emt 0:00:30]} d6 {[%emt 0:00:30]} 8. g3 {[%emt 0:00:30]} Nd7 {[%emt 0:00:30]} 9. Nh4 {[%emt 0:00:30]} Nc5 {[%emt 0:00:30]} 10. Be2 {[%emt 0:00:30]} Bh3 {[%emt 0:00:30]} 11. f3 {[%emt 0:00:30]} Ne6 {[%emt 0:00:30]} 12. Bf1 {[%emt 0:00:30]} Bxf1 {[%emt 0:00:30]} 13. Kxf1 {[%emt 0:00:30]} g6 {[%emt 0:00:30]} 14. Kf2 {[%emt 0:00:30]} Na5 {[%emt 0:00:30]} 15. d3 {[%emt 0:00:30]} c6 {[%emt 0:00:30]} 16. Re1 {[%emt 0:00:30]} d5 {[%emt 0:00:30]} 17. exd5 {[%emt 0:00:30]} cxd5 {[%emt 0:00:30]} 18. Bh6 {[%emt 0:00:30]} dxc4 {[%emt 0:00:30]} 19. Bxf8 {[%emt 0:00:30]} cxd3 {[%emt 0:00:30]} 20. Qa4 {[%emt 0:00:30]} Qb6+ {[%emt 0:00:30]} 21. Kf1 {[%emt 0:00:30]} Rxf8 {[%emt 0:00:30]} 22. Rxe5 {[%emt 0:00:30]} Qb2 {[%emt 0:00:30]} 23. Ree1 {[%emt 0:00:30]} d2 {[%emt 0:00:30]} 24. Qxa5 {[%emt 0:00:30]} dxe1=Q+ {[%emt 0:00:30]} 25. Rxe1 {[%emt 0:00:30]} Qxh2 {[%emt 0:00:30]} 26. Qe5 {[%emt 0:00:30]} Rd8 {[%emt 0:00:30]} 27. Re2 {[%emt 0:00:30]} Rd1+ {[%emt 0:00:30]} 28. Re1 {[%emt 0:00:30]} Rd2 {[%emt 0:00:30]} 0-1